| 000 | 00552cam a2200217ua 4500 | ||
|---|---|---|---|
| 001 | 7690 | ||
| 008 | 141220n ii |||gr||||Z||||||asm | ||
| 020 | _a9789382746140 | ||
| 040 | _cMAIN | ||
| 041 | _aasm | ||
| 082 | _a343.075954 | ||
| 100 |
_aSaikia, D., _eAuthor. |
||
| 245 | 1 |
_aBharatar gramunnyanar prakhasan _cBy Dipen Saikia |
|
| 250 | _a1st. | ||
| 260 |
_aDhemaji: _bKiran, _c2014. |
||
| 300 | _aviii,184p. | ||
| 653 | _aMilitary, tax, trade & industrial law | ||
| 653 | _aRural development | ||
| 700 |
_aKonch, U., _eAuthor. |
||
| 942 | _cBK | ||
| 999 |
_c6812 _d6812 |
||